000 00487nam a2200181Ia 4500
008 090124s9999 xx 000 0 und d
082 _b22515
_a2384
100 _aपराडकर भा. म.
245 _a सूर्यकमल
250 _a1
260 _c1972
300 _a25
600 _aपराडकर भा. म.
630 _a सूर्यकमल
700 _aपराडकर भा. म.
730 _a सूर्यकमल
942 _cBOOK
999 _c136144
_d136144